000 00247nam a2200097Ia 4500
001 766372
005 20250826165339.0
008 250824s9999 xx 000 0 und d
245 0 _aMESNEVİDEN HİKAYELER
_cSİNAN YAĞMUR
260 _bKARATAY YAYINLARI
999 _c766372
_d766372